000 00434nam a2200145Ia 4500
008 230917s9999||||xx |||||||||||||| ||und||
040 _e171960
_aMAIN
041 _aEnglish
082 _a891.431731 AV71:NR
100 _aविनयकुमार आलोक
245 0 _aइतिहास पुरूष
260 _aजयपुर
_bगतिमान प्रकाशन
_c1982
300 _a100 पृ. p.
942 _cHN
999 _c74039
_d74039